| 000 | 00408nam a2200133 i 4500 | ||
|---|---|---|---|
| 001 | 68475 | ||
| 003 | ES-MaACL | ||
| 007 | t| | ||
| 008 | 040629s1872 sp ||||1| spa d | ||
| 100 | 1 |
_aGarcía de Torres, Juan. _954497 |
|
| 245 | 1 | 0 | _aMemoria relativa a los impuestos y servicios centralizados en la Dirección General de Contribuciones. |
| 260 |
_aMadrid : _b[s.n.], _c1872. |
||
| 852 |
_aES-MaACL _jT-239-F-5 |
||
| 999 |
_c68475 _d68475 |
||